Australia True or False - Statistics

General Stats
  • This quiz has been taken 57,160 times
    54,362 since last reset
  • The average score is 11 of 15
Answer Stats
Question Answer % Correct
People from Australia are known as "Kiwis" False
93%
More than 20% of people living in Australia were born in a different country True
88%
Most Australians live in urban areas True
86%
Australia has a high population density compared to other countries False
85%
Wombats have squarish poop True
85%
The British were the first people to settle in Australia False
78%
Australia fought in WWI True
77%
It is illegal to eat kangaroo meat in Australia False
76%
Australia has a Dingo Fence which is more than 2,000 km long True
76%
There are 9 stars on the Australian Flag False
68%
Australia has a significant number of feral camels True
67%
Australia has never had a female Prime Minister False
64%
Shapes is a popular Australian chocolate brand False
62%
Hundreds of people die every year in Australia from snake bites False
54%
In 1981, Sir Reginald Clark became the first person to swim from Australia to New Zealand False
40%
No matching quizzes found
Score Distribution
Percent of People with Each Score
Percentile by Number Answered
Your Score History
You have not taken this quiz since the last reset